000
00324nam a22001337a 4500
999
_c
15660
_d
15660
003
OSt
008
190524b ||||| |||| 00| 0 eng d
020
_a
978819103881
082
_a
631.3
245
_a
Agricultural Technologies : Agricultural Engineering
260
_a
New Delhi
_b
ICAR
_c
2014
300
_a
143 p.
942
_c
BK